000 01200cad a22002295a 4500
001 L156652
008 120618s2012 xxkqr p 0 a0eng u
035 _a(Sirsi) u156652
041 0 _aeng
100 1 _aKuiper, Ilsa
110 2 _aClayton UTZ
245 0 0 _aBim, bam, boom
_bis building information modelling coming to a building project near you soon?
_h[electronic resource]
260 _aSydney
_b[s.n.]
_c2012
520 _aThis article looks at the widespread adoption of BIM in Australia and discusses how a number of challenges will need to be overcome including industry acceptance and use, an evolving BIM workforce and expertise, establishment of recognised/accepted standards and protocols and legal considerations.
590 _aKA NTK
650 2 4 _aBUILDING INFORMATION MODELLING
651 4 _aAustralia
690 _aBIM
_96219
700 1 _aMisko, Marko
856 4 0 _uhttps://www.mondaq.com/australia/x/179046/Building+Construction/BIM+BAM+BOOM+is+Building+Information+Modelling+coming+to+a+building+project+near+you+soon&email_access=on
_zRegister to view the article free of charge at www.mondaq.com and find out about subscribing to free Mondaq News Alerts
942 _n0
999 _c114344
_d114344